000 01021nam a2200241 4500
001 41556
003 BD-RjUL
005 20211209053417.0
008 160601s1985 bg ||||| |||| 00| 0 ben d
020 _c: TK 65.00
035 _a(BD-RjUL)41674
040 _aBD-RjUL
_bben
_cBD-RjUL
041 _aben
082 _223
_a170
_bMUN 1985
100 _aম্যুত্তর, জর্জ এডওয়ার্ড
_9127690
245 1 0 _aনীতিবিদ্যার মূলনীতি :
_bপ্রিন্সিপিয়া এথিকা /
_c জর্জ এডওয়ার্ড ম্যুত্তর ; অনুবাদ হাসনা বেগম
260 _aঢাকা :
_bবাংলা একাডেমী,
_c১৯৮৫
300 _a[৬২], ৩৩৯ পৃ. ;
_c২১ সেমি.
650 _aনীতিবিদ্যা
_9127691
650 _aEthics
_9127692
700 _a বেগম, হাসনা, অনুবাদ
_9127693
942 _2ddc
_cBK
999 _c41556
_d41556